[Event "Jm KP I 24-25 Sloup-Jundrov C"]
[Site "Sloup, Hotel Brousek, board 5"]
[Date "2025.01.19"]
[Round "33.5"]
[White "Moc, Martin"]
[Black "Sipek, Oldrich"]
[Result "1/2-1/2"]
[WhiteElo "1999"]
[BlackElo "1908"]
[PlyCount "102"]

1. d4 d5 2. c4 e6 3. Nf3 Nf6 4. e3 c6 5. Bd3 Nbd7 6. Nc3 dxc4 7. Bxc4 Nb6 8.
Bd3 Be7 9. O-O O-O 10. b3 Nbd5 11. Bb2 Qa5 12. Ne4 h6 13. Qe2 Nb4 14. Nxf6+
Bxf6 15. Bc3 Qb6 16. Bxb4 Qxb4 17. Rac1 Rd8 18. Rfd1 Qe7 19. Bb1 g6 20. h3 Bd7
21. Qc4 Rac8 22. b4 Kg7 23. Qb3 e5 24. dxe5 Bxe5 25. Nxe5 Qxe5 26. Rc5 Qf6 27.
Rdc1 Be6 28. Qa4 Rd2 29. Rf1 b5 30. Qxa7 Bc4 31. Rxc4 bxc4 32. Qc5 Qe6 33. a4
Qd5 34. Qxd5 cxd5 35. Rc1 Rb2 36. b5 Kf6 37. Kf1 Ke5 38. Ke1 f5 39. Bc2 Kd6 40.
Kd2 c3+ 41. Kd3 Ra2 42. Rb1 Rc4 43. Rc1 Kc5 44. Rb1 Rb4 45. Rc1 Rc4 46. Rb1 Rb2
47. Ra1 Kb4 48. Rc1 g5 49. g3 Ka5 50. Ra1 Kb4 51. Rc1 Ka5 1/2-1/2

[Event "Jm KP I 24-25 Sloup-Jundrov C"]
[Site "Sloup, Hotel Brousek, board 6"]
[Date "2025.01.19"]
[Round "33.6"]
[White "Tovarek, Antonin"]
[Black "Helebrand, Zdenek"]
[Result "1-0"]
[WhiteElo "1986"]
[BlackElo "1887"]
[PlyCount "61"]

1. e4 g6 2. d4 Bg7 3. f4 d6 4. Nc3 Nf6 5. e5 Nfd7 6. h4 c5 7. exd6 exd6 8. Qe2+
Kf8 9. dxc5 Nxc5 10. Bd2 Nc6 11. Nf3 Bg4 12. O-O-O Nd4 13. Qe3 Qb6 14. Re1 Nf5
15. Qe2 Bf6 16. Qc4 Ng3 17. Rh2 Be6 18. Rxe6 Nxe6 19. Bd3 Kg7 20. Na4 Qd8 21.
Ng5 d5 22. Qb4 b6 23. Be1 Nf5 24. g4 Ne3 25. Nxe6+ fxe6 26. g5 Be7 27. Qd4+ Kf7
28. Qxe3 Qd7 29. Qd4 Rhc8 30. h5 b5 31. hxg6+ 1-0

[Event "Jm KP I 24-25 Sloup-Jundrov C"]
[Site "Sloup, Hotel Brousek, board 7"]
[Date "2025.01.19"]
[Round "33.7"]
[White "Vasicek, Jiri"]
[Black "Strmen, Rene"]
[Result "1-0"]
[WhiteElo "1890"]
[BlackElo "1744"]
[PlyCount "69"]

1. e4 c6 2. d4 d5 3. e5 Bf5 4. Bd3 Bxd3 5. Qxd3 e6 6. Ne2 c5 7. c3 Nc6 8. O-O
cxd4 9. cxd4 Nge7 10. Bg5 Qb6 11. Bxe7 Bxe7 12. Nbc3 O-O 13. Kh1 Rab8 14. a3
Rfc8 15. f4 Na5 16. f5 Bf8 17. Qh3 Nb3 18. Rad1 Rc6 19. Rd3 Rbc8 20. fxe6 fxe6
21. Nxd5 exd5 22. Rxb3 Qa6 23. Qf3 R6c7 24. Qxd5+ Kh8 25. Qf3 Kg8 26. Rc3 Qb6
27. d5 h6 28. d6 Rxc3 29. bxc3 Qd8 30. Qf7+ Kh8 31. Nf4 Bxd6 32. Ne6 Qe7 33.
exd6 Qxf7 34. Rxf7 Rxc3 35. h3 1-0

[Event "Jm KP I 24-25 Sloup-Jundrov C"]
[Site "Sloup, Hotel Brousek, board 8"]
[Date "2025.01.19"]
[Round "33.8"]
[White "Svagr, Daniel"]
[Black "Ochmansky, Vojtech"]
[Result "1-0"]
[WhiteElo "1497"]
[BlackElo "1895"]
[PlyCount "99"]

1. d4 Nf6 2. c4 g6 3. g3 Bg7 4. Bg2 d6 5. Nf3 O-O 6. Nc3 Nc6 7. d5 Ne5 8. Nxe5
dxe5 9. O-O Bg4 10. h3 Bd7 11. Be3 Qc8 12. Kh2 c6 13. Bc5 Re8 14. d6 exd6 15.
Bxd6 Be6 16. Qa4 Nd7 17. c5 f5 18. e4 Qd8 19. b4 Bc4 20. Rfd1 f4 21. b5 cxb5
22. Nxb5 Bxb5 23. Qxb5 Qc8 24. Rab1 fxg3+ 25. fxg3 Kh8 26. Qxb7 Nxc5 27. Bxc5
Qxc5 28. Rd7 Rg8 29. Rxg7 Rxg7 30. Qxa8+ Rg8 31. Rb8 Rxb8 32. Qxb8+ Kg7 33.
Qb7+ Kh6 34. Qd5 Qc7 35. h4 Qe7 36. Qd2+ Kg7 37. Qg5 Qd6 38. Qe3 Qe7 39. Qc3
Kh6 40. Bh3 Qd6 41. Bg4 Qb6 42. Kg2 Qd6 43. Qe3+ Kg7 44. Qxa7+ Kh6 45. Qe3+ Kg7
46. a4 Qb4 47. Qa7+ Kh6 48. Bf3 Qd2+ 49. Kh3 Qe1 50. Qf7 1-0

[Event "Jm KP I 24-25 Kurim B - Universita B"]
[Site "Kurim"]
[Date "2025.01.19"]
[Round "34.1"]
[White "Keprt, Tomas"]
[Black "Gajdos, Daniel"]
[Result "0-1"]
[WhiteElo "1857"]
[BlackElo "2113"]
[PlyCount "86"]

1. d4 Nf6 2. c4 g6 3. Nc3 d5 4. e3 Bg7 5. Nf3 O-O 6. Be2 c5 7. O-O cxd4 8. exd4
Nc6 9. Be3 dxc4 10. Bxc4 Na5 11. Be2 Be6 12. b3 Nd5 13. Bd2 Nc6 14. Nxd5 Bxd5
15. Be3 Qd6 16. Qd2 Rad8 17. Rad1 Qa3 18. Qc3 Qxa2 19. Bc4 Qa5 20. Qb2 Qb4 21.
Bd2 Qb6 22. Bc3 Bxf3 23. gxf3 Nxd4 24. Bxd4 Bxd4 25. Qe2 Qf6 26. Kh1 Be5 27.
Rg1 Qf4 28. Rg2 Kg7 29. Rg3 e6 30. Re1 Bc7 31. Rd1 Rxd1+ 32. Qxd1 Rd8 33. Qa1+
Be5 34. Qxa7 Qc1+ 35. Kg2 Bxg3 36. hxg3 Rd1 37. f4 Rg1+ 38. Kh3 Rh1+ 39. Kg2
Qg1+ 40. Kf3 Qd1+ 41. Kg2 Rh5 42. Bf1 Qd5+ 43. f3 Qd2+ 0-1

[Event "Jm KP I 24-25 Kurim B - Universita B"]
[Site "Kurim"]
[Date "2025.01.19"]
[Round "34.2"]
[White "Bakos, Eduard"]
[Black "Kudla, Vladimir"]
[Result "1/2-1/2"]
[WhiteElo "2075"]
[BlackElo "1944"]
[PlyCount "38"]

1. e4 b6 2. d4 Bb7 3. Bd3 Nf6 4. Nc3 e6 5. Nf3 c5 6. O-O c4 7. Bxc4 Nxe4 8.
Nxe4 Bxe4 9. Re1 Bg6 10. Ne5 Nc6 11. c3 Be7 12. Bf4 O-O 13. Nxg6 hxg6 14. h3
Na5 15. Ba6 Bg5 16. Bd6 Be7 17. Bf4 Bg5 18. Bg3 Bh4 19. Bd6 Be7 1/2-1/2

[Event "Jm KP I 24-25 Kurim B - Universita B"]
[Site "Kurim"]
[Date "2025.01.19"]
[Round "34.3"]
[White "Rubes, Pavel"]
[Black "Hladik, Josef"]
[Result "1/2-1/2"]
[WhiteElo "1947"]
[BlackElo "1982"]
[PlyCount "25"]

1. d4 Nf6 2. c4 e6 3. Nf3 d5 4. Nc3 c6 5. cxd5 exd5 6. Bg5 h6 7. Bh4 Bf5 8. e3
Nbd7 9. Bd3 Bxd3 10. Qxd3 Bd6 11. O-O O-O 12. a3 Qe7 13. b4 1/2-1/2

[Event "Jm KP I 24-25 Kurim B - Universita B"]
[Site "Kurim"]
[Date "2025.01.19"]
[Round "34.4"]
[White "Uhmann, Jan"]
[Black "Bocek, Tadeas"]
[Result "1/2-1/2"]
[WhiteElo "1961"]
[BlackElo "1906"]
[PlyCount "90"]

1. e4 c5 2. c4 Nc6 3. Nf3 g6 4. d4 cxd4 5. Nxd4 Nf6 6. Nc3 d6 7. Be2 Nxd4 8.
Qxd4 Bg7 9. Be3 O-O 10. Qd2 Qa5 11. O-O Be6 12. b4 Qd8 13. Rac1 a5 14. b5 Rc8
15. e5 dxe5 16. Qxd8 Rfxd8 17. c5 Ng4 18. Bxg4 Bxg4 19. Na4 Be2 20. c6 Bxf1 21.
Kxf1 bxc6 22. bxc6 f5 23. c7 Rd7 24. Bb6 e4 25. Bxa5 Be5 26. Rc5 Bd6 27. Rc6
Kf7 28. Ke2 Rdxc7 29. Bxc7 Rxc7 30. Rxc7 Bxc7 31. Nc5 Bxh2 32. g3 f4 33. g4 e3
34. f3 Ke8 35. a4 Kd8 36. Ne6+ Kc8 37. Nf8 Bg3 38. Nxh7 Bh4 39. Nf8 g5 40. Ng6
Kb7 41. Nxe7 Ka6 42. Nd5 Ka5 43. Nc3 Kb4 44. Kd3 Be1 45. Ne4 Bh4 1/2-1/2

[Event "Jm KP I 24-25 Kurim B - Universita B"]
[Site "Kurim"]
[Date "2025.01.19"]
[Round "34.5"]
[White "Pesl, Jan"]
[Black "Navratil, Jiri"]
[Result "1/2-1/2"]
[WhiteElo "1877"]
[BlackElo "1960"]
[PlyCount "37"]

1. e4 e6 2. d4 d5 3. Nd2 dxe4 4. Nxe4 Nf6 5. Bd3 Be7 6. Nf3 Nbd7 7. O-O Nxe4 8.
Bxe4 Nf6 9. Bd3 O-O 10. Re1 b6 11. Bg5 Bb7 12. c3 Re8 13. Qe2 h6 14. Bxf6 Bxf6
15. Rad1 Qd6 16. Ne5 Qf8 17. Nd7 Qe7 18. Nxf6+ Qxf6 19. Qe5 1/2-1/2

[Event "Jm KP I 24-25 Kurim B - Universita B"]
[Site "Kurim"]
[Date "2025.01.19"]
[Round "34.6"]
[White "Tvrdy, Radovan"]
[Black "Cihal, Jan"]
[Result "1/2-1/2"]
[WhiteElo "1808"]
[BlackElo "1861"]
[PlyCount "26"]

1. e4 c5 2. d4 cxd4 3. c3 d5 4. Qxd4 Nf6 5. exd5 Qxd5 6. Qxd5 Nxd5 7. Bc4 Nb6
8. Bb3 Bd7 9. Nf3 e6 10. O-O Be7 11. Be3 Na4 12. Nbd2 Na6 13. Rab1 N6c5 1/2-1/2

[Event "Jm KP I 24-25 Kurim B - Universita B"]
[Site "Kurim"]
[Date "2025.01.19"]
[Round "34.7"]
[White "Bauer, Miroslav"]
[Black "Sebek, Jan"]
[Result "0-1"]
[WhiteElo "1832"]
[BlackElo "1905"]
[PlyCount "62"]

1. e4 c5 2. c3 d5 3. exd5 Qxd5 4. d4 Nf6 5. Nf3 Bg4 6. Be2 e6 7. Be3 Nbd7 8.
O-O Be7 9. Qa4 O-O 10. Rd1 Nb6 11. Qc2 c4 12. Nbd2 Rac8 13. b3 Bf5 14. Qb2 Bd3
15. Bxd3 cxd3 16. Nf1 Ne4 17. Rxd3 f5 18. c4 Qd8 19. Rad1 Nd7 20. d5 Ndc5 21.
Bxc5 Bxc5 22. Ne3 Qb6 23. Nd4 f4 24. Ng4 exd5 25. cxd5 Rce8 26. Ne6 Rxe6 27.
dxe6 Qxe6 28. Rd7 Qxg4 29. h3 Qg6 30. Rxb7 Bxf2+ 31. Kf1 Qa6+ 0-1

[Event "Jm KP I 24-25 Kurim B - Universita B"]
[Site "Kurim"]
[Date "2025.01.19"]
[Round "34.8"]
[White "Rokos, Jiri"]
[Black "Hronek, Ondrej"]
[Result "0-1"]
[WhiteElo "1871"]
[BlackElo "1793"]
[PlyCount "80"]

1. d4 f5 2. c4 e6 3. Nf3 Nf6 4. Nc3 Bb4 5. Bd2 b6 6. e3 Bb7 7. Be2 O-O 8. O-O
Bxc3 9. Bxc3 Ne4 10. Rc1 d6 11. Qb3 Nd7 12. c5 Bd5 13. Bc4 Bxc4 14. Qxc4 d5 15.
Qb5 Rf6 16. c6 a6 17. Qe2 Nf8 18. Ne5 Rh6 19. f4 Ng6 20. Be1 Nxe5 21. fxe5 g5
22. Rc2 Qe8 23. a4 g4 24. Bg3 Nxg3 25. hxg3 Qh5 26. Kf2 Qh2 27. Rcc1 Rh3 28.
Ke1 Qxg3+ 29. Qf2 Qxe3+ 30. Qxe3 Rxe3+ 31. Kd2 Rb3 32. Rb1 Rb4 33. Ke3 Rxa4 34.
Rh1 Kg7 35. Rh2 h6 36. b3 Ra3 37. Rb2 a5 38. Kd2 a4 39. b4 f4 40. Ke2 Kg6 0-1

[Event "Jm KP I 24-25 Loko Brno B - Orechov"]
[Site "?"]
[Date "2025.01.19"]
[Round "35.1"]
[White "Straka, Vojtech"]
[Black "Danada, Tomas"]
[Result "1/2-1/2"]
[WhiteElo "2013"]
[BlackElo "2175"]
[PlyCount "47"]

1. c4 g6 2. Nc3 Bg7 3. d4 c5 4. Nf3 cxd4 5. Nxd4 Nc6 6. e3 Nh6 7. Nxc6 dxc6 8.
Qxd8+ Kxd8 9. Bd2 e5 10. f3 Nf5 11. Ne4 Kc7 12. Kf2 Rd8 13. Be2 Nd6 14. Nxd6
Rxd6 15. Bc3 Be6 16. b4 Bh8 17. c5 Rd7 18. e4 f5 19. exf5 Bxf5 20. Rhd1 Be6 21.
Rxd7+ Kxd7 22. a4 Bd5 23. a5 a6 24. Re1 1/2-1/2

[Event "Jm KP I 24-25 Loko Brno B - Orechov"]
[Site "?"]
[Date "2025.01.19"]
[Round "35.2"]
[White "Lakatos, Tomas"]
[Black "Wunsch, Radek"]
[Result "1/2-1/2"]
[WhiteElo "2050"]
[BlackElo "2002"]
[PlyCount "83"]

1. d4 Nf6 2. Nf3 c5 3. e3 d5 4. b3 Bg4 5. Bd3 Nc6 6. Bb2 e6 7. O-O cxd4 8. exd4
Bd6 9. Nbd2 O-O 10. Qe1 Nb4 11. Ne5 Nxd3 12. Nxd3 Qc7 13. c4 Bxh2+ 14. Kh1 Bf5
15. Ne5 Bxe5 16. dxe5 Ne4 17. cxd5 exd5 18. Nxe4 Bxe4 19. f3 Bf5 20. Rc1 Qd7
21. Qg3 Rac8 22. Qg5 Rfd8 23. Bd4 b6 24. Rfe1 Qe6 25. g4 Bg6 26. Rc7 Ra8 27.
Re7 h6 28. Qh4 Qc8 29. e6 Re8 30. exf7+ Bxf7 31. Rxe8+ Bxe8 32. g5 Qf5 33. gxh6
Qxf3+ 34. Kh2 Qh5 35. Qxh5 Bxh5 36. hxg7 Re8 37. Rxe8+ Bxe8 38. Kg3 Bg6 39. Kf4
Bb1 40. a3 Ba2 41. b4 a5 42. Kf5 1/2-1/2

[Event "Jm KP I 24-25 Loko Brno B - Orechov"]
[Site "?"]
[Date "2025.01.19"]
[Round "35.4"]
[White "Kubicek, Pavel"]
[Black "Marsa, Alexandr"]
[Result "0-1"]
[WhiteElo "1945"]
[BlackElo "1975"]
[PlyCount "94"]

1. e4 e6 2. d4 d5 3. e5 c5 4. c3 Qb6 5. Nf3 Nc6 6. Be2 Nh6 7. dxc5 Bxc5 8. O-O
Ng4 9. Qe1 Ngxe5 10. b4 Bd6 11. Nxe5 Nxe5 12. Be3 Qc7 13. Na3 Bd7 14. f4 Nc4
15. Nxc4 dxc4 16. Qh4 Be7 17. Qg4 Bf6 18. Rac1 O-O 19. Rf3 g6 20. Qh3 e5 21. f5
Bg7 22. Bh6 Bxf5 23. Rxf5 gxf5 24. Be3 f4 25. Bc5 Rfe8 26. Bg4 b6 27. Bf2 Rad8
28. Bf5 h6 29. Be4 Qc8 30. Qh5 Rd2 31. a4 Qd8 32. Bh4 Qd7 33. Rf1 Qxa4 34. Qg4
Qd7 35. Bf5 Qd6 36. Be4 a5 37. b5 a4 38. g3 Qc5+ 39. Kh1 Qe3 40. Bf3 Rf2 41.
Rxf2 Qxf2 42. h3 h5 43. Qxh5 fxg3 44. Bxg3 Qxg3 45. Bd5 Qe1+ 46. Kh2 Qd2+ 47.
Bg2 e4 0-1

[Event "Jm KP I 24-25 Loko Brno B - Orechov"]
[Site "?"]
[Date "2025.01.19"]
[Round "35.5"]
[White "Vesely, Jaromir"]
[Black "Paral, Stanislav"]
[Result "1-0"]
[WhiteElo "1909"]
[BlackElo "1953"]
[PlyCount "147"]

1. d4 c5 2. e3 e6 3. c3 d5 4. f4 f5 5. Nf3 Nf6 6. Bd3 Bd6 7. O-O O-O 8. Ne5 Bd7
9. Nd2 Be8 10. Ndf3 Bh5 11. Bd2 Nbd7 12. Be1 Ne4 13. Bh4 Qxh4 14. Nxh4 Bxd1 15.
Nxd7 Rfd8 16. Bxe4 Rxd7 17. Bxf5 exf5 18. Raxd1 g6 19. g3 Rc8 20. Nf3 Re7 21.
Ne5 b5 22. Rd2 Kg7 23. Rg2 a5 24. h3 b4 25. g4 Kf6 26. Rc2 c4 27. Kf2 Ke6 28.
Kf3 Rb7 29. Rg1 a4 30. cxb4 Rxb4 31. h4 Bxe5 32. dxe5 Rcb8 33. Rg3 a3 34. bxa3
Ra4 35. h5 fxg4+ 36. Rxg4 gxh5 37. Rg5 Rxa3 38. Rxh5 d4 39. Rh6+ Kf7 40. Rxc4
Rxe3+ 41. Kg4 d3 42. Rd6 Re2 43. Rxd3 Rxa2 44. Rc7+ Kg8 45. Rdd7 Rg2+ 46. Kf3
Rh2 47. Rg7+ Kh8 48. e6 Re8 49. f5 Rh5 50. Kf4 Rh4+ 51. Rg4 Rh1 52. Ke5 Rf1 53.
Rh4 Re1+ 54. Re4 Rh1 55. e7 Kg7 56. Ke6 Rf1 57. Rg4+ Kh6 58. f6 Kh5 59. Rg2 Ra8
60. Rc5+ Kh4 61. Rh2+ Kg3 62. Rxh7 Ra6+ 63. Kd7 Ra7+ 64. Rc7 Rd1+ 65. Kc8 Ra8+
66. Kb7 Re8 67. f7 Rb1+ 68. Kc6 Rc1+ 69. Kd6 Rd1+ 70. Ke6 Re1+ 71. Kf6 Rf1+ 72.
Kg6 Ra8 73. e8=Q Ra6+ 74. Kg7 1-0

[Event "Jm KP I 24-25 Loko Brno B - Orechov"]
[Site "?"]
[Date "2025.01.19"]
[Round "35.6"]
[White "Borovsky, Adam"]
[Black "Mikolas, Jakub"]
[Result "1/2-1/2"]
[WhiteElo "1937"]
[BlackElo "1868"]
[PlyCount "56"]

1. c4 e5 2. Nf3 Nc6 3. Nc3 Nf6 4. d4 exd4 5. Nxd4 Bb4 6. Nxc6 bxc6 7. Qb3 Bc5
8. Na4 Be7 9. Qc2 O-O 10. e3 Bb4+ 11. Bd2 Bxd2+ 12. Qxd2 Ne4 13. Qc2 d5 14. Bd3
Re8 15. O-O Qg5 16. Rac1 Bh3 17. f3 Qxe3+ 18. Kh1 Nd2 19. gxh3 Nxf1 20. Bxh7+
Kh8 21. Rxf1 g6 22. Bxg6 fxg6 23. Qxg6 Re6 24. Qf5 Rg8 25. cxd5 cxd5 26. Qxd5
Re5 27. Qc6 Re6 28. Qd5 Re5 1/2-1/2

[Event "Jm KP I 24-25 Loko Brno B - Orechov"]
[Site "?"]
[Date "2025.01.19"]
[Round "35.7"]
[White "Lisik, Miroslav"]
[Black "Bucek, Miroslav"]
[Result "1/2-1/2"]
[WhiteElo "1812"]
[BlackElo "1751"]
[PlyCount "117"]

1. e4 e5 2. Nf3 Nc6 3. Bb5 a6 4. Ba4 Nf6 5. d3 d6 6. O-O g6 7. d4 b5 8. Bb3 Bg7
9. dxe5 dxe5 10. Qxd8+ Nxd8 11. Nxe5 O-O 12. Re1 Bb7 13. Nc3 c5 14. a3 c4 15.
Ba2 Re8 16. Nf3 Nxe4 17. Nxe4 Rxe4 18. Rxe4 Bxe4 19. c3 Ne6 20. Be3 Rd8 21. Re1
Bxf3 22. gxf3 f5 23. f4 Kf7 24. Kf1 a5 25. a4 bxa4 26. Bxc4 Rc8 27. Bxe6+ Kxe6
28. Bd4+ Kf7 29. Bxg7 Kxg7 30. Re5 a3 31. bxa3 Rxc3 32. Rxa5 Rc4 33. Ra7+ Kf6
34. Ra6+ Ke7 35. Ra7+ Kf6 36. Rxh7 Ra4 37. Rh3 Rxf4 38. Rb3 Ke5 39. Rb5+ Ke6
40. Rb6+ Kf7 41. Rb4 Rf3 42. a4 Ra3 43. Kg2 g5 44. f3 Kf6 45. h3 f4 46. h4 gxh4
47. Rxf4+ Kg5 48. Rg4+ Kh5 49. Rb4 h3+ 50. Kg3 h2 51. Kxh2 Rxf3 52. Kg2 Ra3 53.
Kf2 Kg5 54. Ke2 Kf6 55. Kd2 Ke6 56. Kc2 Kd6 57. Kb2 Re3 58. Rb3 Rxb3+ 59. Kxb3
1/2-1/2

[Event "Jm KP I 24-25 Loko Brno B - Orechov"]
[Site "?"]
[Date "2025.01.19"]
[Round "35.8"]
[White "Sikora, Lukas"]
[Black "Janicek, Lubomir"]
[Result "1-0"]
[WhiteElo "1861"]
[BlackElo "1927"]
[PlyCount "65"]

1. e4 Nf6 2. e5 Nd5 3. d4 d6 4. Nf3 g6 5. Bc4 Nb6 6. Bb3 Bg7 7. O-O O-O 8. h3
Nc6 9. Bf4 a5 10. a4 Bf5 11. Nc3 h5 12. Qe2 d5 13. Nd1 Qd7 14. Re1 Nb4 15. Ne3
c6 16. Rad1 f6 17. c3 Na6 18. Bc2 Bxc2 19. Qxc2 g5 20. Bxg5 fxe5 21. Nxe5 Bxe5
22. dxe5 Qe6 23. Rd4 Nc5 24. Bxe7 Qxe7 25. Qg6+ Qg7 26. Qxh5 Qh7 27. Rg4+ Kh8
28. Rh4 Qxh5 29. Rxh5+ Kg7 30. Ng4 Rae8 31. Nf6 Re6 32. f4 Nd3 33. Re3 1-0

[Event "Jm KP I 24-25 Sloup-Jundrov C"]
[Site "Vyskov"]
[Date "2025.01.19"]
[Round "36.1"]
[White "Cermak, Jan"]
[Black "Pernicova, Tana"]
[Result "1-0"]
[WhiteElo "2014"]
[BlackElo "2018"]
[PlyCount "91"]
[EventDate "2025.01.19"]

1. d4 Nf6 2. c4 e6 3. Nc3 Bb4 4. f3 O-O 5. a3 Bxc3+ 6. bxc3 b6 7. e4 d6 8. Bd3
e5 9. Ne2 h6 10. O-O c5 11. f4 Bb7 12. Ng3 exd4 13. cxd4 Nc6 14. Nf5 Nxd4 15.
Nxd4 cxd4 16. e5 Nd7 17. Qh5 Nc5 18. Bb1 Qd7 19. f5 Rfe8 20. e6 fxe6 21. f6 Rf8
22. Bxh6 Rxf6 23. Rxf6 gxf6 24. Qg6+ Kh8 25. Qxf6+ Kg8 26. Qg6+ Kh8 27. Qf6+
Kg8 28. Qg6+ Kh8 29. Bg5 Rf8 30. Bf6+ Rxf6 31. Qxf6+ Qg7 32. Qd8+ Qg8 33. Qf6+
Qg7 34. Qd8+ Qg8 35. Qh4+ Kg7 36. Qxd4+ Kf7 37. Qf2+ Ke7 38. Bc2 e5 39. Rf1 Qg7
40. Qh4+ Ke8 41. Qh5+ Kd8 42. Qg6 Qxg6 43. Bxg6 a5 44. h4 Ba6 45. h5 Bxc4 46.
h6 1-0

[Event "Jm KP I 24-25 Sloup-Jundrov C"]
[Site "Vyskov"]
[Date "2025.01.19"]
[Round "36.2"]
[White "Krejci, Petr"]
[Black "Kratochvil, Karel"]
[Result "0-1"]
[WhiteElo "1893"]
[BlackElo "2130"]
[PlyCount "74"]
[EventDate "2025.01.19"]

1. e4 e5 2. Nf3 Nf6 3. Nxe5 d6 4. Nf3 Nxe4 5. d4 d5 6. Bd3 Nc6 7. O-O Be7 8. h3
O-O 9. Bf4 Bd6 10. Bxd6 Qxd6 11. c3 f5 12. Nbd2 Be6 13. Re1 Rf6 14. Ne5 Nxe5
15. dxe5 Qxe5 16. f3 Qg3 17. fxe4 Qxd3 18. exd5 Qxd5 19. Nf3 Rd8 20. Qa4 Qc5+
21. Kh1 h6 22. Re5 Qb6 23. Qc2 f4 24. c4 Bf7 25. Rae1 Bg6 26. Qc1 Qf2 27. R1e2
Qg3 28. Rd2 Rfd6 29. Rdd5 c6 30. Rxd6 Rxd6 31. b4 Bf7 32. a4 Rd3 33. b5 Rxf3
34. gxf3 Qxf3+ 35. Kg1 Qg3+ 36. Kf1 f3 37. Qb2 Bxc4+ 0-1

[Event "Jm KP I 24-25 Sloup-Jundrov C"]
[Site "Vyskov"]
[Date "2025.01.19"]
[Round "36.3"]
[White "Zabloudil, Radek"]
[Black "Sekanina, Jiri"]
[Result "0-1"]
[WhiteElo "1938"]
[BlackElo "1930"]
[PlyCount "100"]
[EventDate "2025.01.19"]

1. e4 c5 2. Nc3 Nc6 3. g3 g6 4. Bg2 Bg7 5. d3 d6 6. f4 e6 7. Nf3 Nge7 8. O-O
O-O 9. Qe1 d5 10. h3 Nd4 11. Nxd4 cxd4 12. Nd1 Bd7 13. g4 dxe4 14. dxe4 Rc8 15.
f5 Nc6 16. a4 Re8 17. Qf2 Nb4 18. fxg6 fxg6 19. c3 Rf8 20. Qg3 Rxf1+ 21. Bxf1
Nc2 22. Rb1 Bxa4 23. Bf4 Qb6 24. c4 Bb3 25. Rc1 d3+ 26. Kh1 Nb4 27. Bxd3 Nxd3
28. Qxd3 Rd8 29. Qe2 Qd4 30. Nf2 a5 31. Be3 Qd6 32. Kg2 a4 33. c5 Qe5 34. Rb1
g5 35. Qf3 Bc2 36. Re1 Rf8 37. Qg3 Bxe4+ 38. Nxe4 Qxe4+ 39. Kg1 Be5 40. Qg2
Qxg2+ 41. Kxg2 Bxb2 42. Bxg5 a3 43. Bc1 Bxc1 44. Rxc1 a2 45. Ra1 Ra8 46. Kf3
Kf7 47. Kf4 Ra5 48. g5 Kg6 49. h4 Kh5 50. Kg3 Ra4 0-1

[Event "Jm KP I 24-25 Sloup-Jundrov C"]
[Site "Vyskov"]
[Date "2025.01.19"]
[Round "36.4"]
[White "Mizak, Jan"]
[Black "Rozumek, Vlastimil"]
[Result "1/2-1/2"]
[WhiteElo "1830"]
[BlackElo "1931"]
[PlyCount "76"]
[EventDate "2025.01.19"]

1. d4 Nf6 2. Bf4 e6 3. e3 d5 4. Bd3 Bd6 5. Bg3 O-O 6. Nd2 b6 7. Ngf3 Ba6 8. Qe2
Bxd3 9. Qxd3 c5 10. c3 Nc6 11. Bxd6 Qxd6 12. O-O cxd4 13. exd4 Rfc8 14. Rfe1 b5
15. a3 a5 16. h3 a4 17. Ne5 Nd7 18. Ndf3 Ncxe5 19. Nxe5 f6 20. Nxd7 Qxd7 21.
Re3 Re8 22. Rae1 Re7 23. Qe2 Rae8 24. Qg4 Qd6 25. Qe2 Qd7 26. f4 g6 27. Qg4 Kg7
28. h4 h5 29. Qe2 f5 30. Rg3 Kf7 31. Re3 Kg7 32. Rf1 Qc6 33. Rff3 Rb7 34. Rg3
Kf7 35. Rg5 Rg8 36. Reg3 Rbb8 37. Qe5 Rbd8 38. Qe2 Rb8 1/2-1/2

[Event "Jm KP I 24-25 Sloup-Jundrov C"]
[Site "Vyskov"]
[Date "2025.01.19"]
[Round "36.5"]
[White "Hejny, Jaroslav"]
[Black "Flasar, Roman"]
[Result "1-0"]
[WhiteElo "1992"]
[BlackElo "1861"]
[PlyCount "107"]
[EventDate "2025.01.19"]

1. e4 c5 2. c3 d5 3. exd5 Qxd5 4. d4 Nc6 5. Nf3 Bg4 6. Be2 e6 7. h3 Bh5 8. O-O
Be7 9. Be3 cxd4 10. cxd4 Nf6 11. Nc3 Qd7 12. Qb3 O-O 13. Ne5 Nxe5 14. dxe5 Bxe2
15. exf6 Bxf1 16. fxe7 Qxe7 17. Rxf1 Rfd8 18. Ne4 b6 19. Bf4 Rd4 20. Qf3 Rad8
21. Bg5 f6 22. Nxf6+ gxf6 23. Bxf6 Qf7 24. Qg3+ Qg6 25. Qxg6+ hxg6 26. Bxd8
Rxd8 27. f4 Rd2 28. Rf2 Rd1+ 29. Kh2 Ra1 30. a3 Rb1 31. Rc2 a5 32. Kg3 Kf7 33.
Kf3 Kf6 34. Ke4 Re1+ 35. Kd4 Rf1 36. g3 Rf3 37. Rc3 Rf2 38. b4 axb4 39. axb4
Rd2+ 40. Kc4 Rd5 41. Re3 b5+ 42. Kc3 Rh5 43. g4 Rh8 44. Kd4 Rc8 45. Rc3 Rd8+
46. Ke4 Rh8 47. Rc7 g5 48. fxg5+ Kxg5 49. Rc5+ Kf6 50. Rh5 Rb8 51. h4 Kg6 52.
Re5 Rb6 53. h5+ Kh6 54. Kd4 1-0

[Event "Jm KP I 24-25 Sloup-Jundrov C"]
[Site "Vyskov"]
[Date "2025.01.19"]
[Round "36.6"]
[White "Sevcik, David"]
[Black "Pekarkova, Eva"]
[Result "1/2-1/2"]
[WhiteElo "1859"]
[BlackElo "1882"]
[PlyCount "42"]
[EventDate "2025.01.19"]

1. b3 d5 2. e3 c5 3. Bb2 Nc6 4. Nf3 Nf6 5. Be2 e6 6. O-O Be7 7. c4 O-O 8. d4 b6
9. Nc3 Bb7 10. Rc1 Rc8 11. cxd5 exd5 12. dxc5 bxc5 13. Na4 Ne4 14. Nd2 Nxd2 15.
Qxd2 Nb8 16. Rfd1 Qd7 17. Ba3 c4 18. Bxe7 Qxe7 19. Bf3 cxb3 20. axb3 Rxc1 21.
Rxc1 Rd8 1/2-1/2

[Event "Jm KP I 24-25 Sloup-Jundrov C"]
[Site "Vyskov"]
[Date "2025.01.19"]
[Round "36.7"]
[White "Pukowietz, Patrik"]
[Black "Flasar, Jan"]
[Result "1/2-1/2"]
[WhiteElo "1658"]
[BlackElo "1690"]
[PlyCount "96"]
[EventDate "2025.01.19"]

1. d4 d5 2. c4 e6 3. Nc3 Nf6 4. cxd5 exd5 5. Bg5 c6 6. Qc2 h6 7. Bh4 Be7 8. e3
O-O 9. Bd3 Re8 10. Nf3 Ne4 11. Bxe7 Qxe7 12. O-O Bf5 13. Bxe4 dxe4 14. Ne5 Nd7
15. Nxd7 Bxd7 16. Rfd1 Qg5 17. Kh1 Kh8 18. Rac1 Qh4 19. d5 Re5 20. f4 exf3 21.
g3 Qh5 22. dxc6 Bxc6 23. Qf2 Rae8 24. Rd3 Qg4 25. Kg1 Qg5 26. Re1 h5 27. e4
Bxe4 28. Nxe4 Rxe4 29. Rxe4 Qc1+ 30. Qf1 Qxf1+ 31. Kxf1 Rxe4 32. Rxf3 f6 33.
Rd3 Re7 34. Kf2 g5 35. Rd5 Kg7 36. Kf3 Kg6 37. b3 a6 38. b4 Re6 39. b5 axb5 40.
Rxb5 b6 41. a4 Rc6 42. a5 bxa5 43. Rxa5 Rc3+ 44. Kf2 Rc6 45. Kf3 f5 46. Ra3 Kf6
47. Rb3 Rd6 48. Ra3 Rc6 1/2-1/2

[Event "Jm KP I 24-25 Sloup-Jundrov C"]
[Site "Vyskov"]
[Date "2025.01.19"]
[Round "36.8"]
[White "Sevcik, Milan"]
[Black "Mikulasek, Ondrej"]
[Result "0-1"]
[WhiteElo "1716"]
[BlackElo "1611"]
[PlyCount "88"]
[EventDate "2025.01.19"]

1. e4 c5 2. Bc4 e6 3. c3 d5 4. exd5 exd5 5. Bb5+ Bd7 6. Qe2+ Qe7 7. a4 Nf6 8.
Qxe7+ Bxe7 9. Nf3 O-O 10. d4 c4 11. Bxd7 Nbxd7 12. Bg5 Bd6 13. Bxf6 Nxf6 14.
O-O a6 15. Nbd2 b5 16. axb5 axb5 17. b4 cxb3 18. Nxb3 Ne4 19. Rxa8 Rxa8 20. Ra1
Rxa1+ 21. Nxa1 Nxc3 22. Kf1 Kf8 23. Ke1 Ke7 24. Kd2 Ne4+ 25. Ke3 f6 26. g3 Kd7
27. Nd2 Nxd2 28. Kxd2 Bb4+ 29. Kc2 Kc6 30. g4 g6 31. Nb3 Be1 32. f3 b4 33. Nc1
Kb5 34. Kb3 g5 35. Ne2 Bf2 36. f4 Be3 37. f5 Bf2 38. Nc1 Bxd4 39. Na2 Bc3 40.
Nxc3+ bxc3 41. Kxc3 Kc5 42. h4 h6 43. h5 d4+ 44. Kd3 Kd5 0-1